Statistics for Biggest Cities in North Carolina

Click here to take the quiz!

General Stats

  • This quiz has been taken 15,752 times
    (4,020 since last reset)
  • The average score is 9 of 20

Answers on the Map

Answers color-coded by a green-red scale on the quiz's map according to % correct below.
Loading ...
 

Answer Stats

Population City % Correct
474,069Raleigh
94%
885,708Charlotte
93%
278,993Durham
76%
296,710Greensboro
63%
92,870Asheville
58%
247,945Winston-Salem
57%
123,744Wilmington
54%
64,051Chapel Hill
51%
211,657Fayetteville
42%
93,400Greenville
38%
170,282Cary
36%
112,791High Point
29%
53,922Rocky Mount
26%
72,436Jacksonville
25%
96,341Concord
24%
77,273Gastonia
24%
59,300Apex
20%
54,606Burlington
20%
50,841Kannapolis
19%
58,098Huntersville
16%

Score Distribution

Percentile by Number Answered

Percent of People with Each Score

Your Score History

You have not taken this quiz since the last reset